000 00538nam a2200193Ia 4500
003 OSt
005 20250110163640.0
008 231217s9999 xx 000 0 und d
020 _a8172240279
040 _c0
041 _aEnglish
082 _a025.58 KAW;2 R1
100 _aKawatra, P S.
245 0 _aLibrary user studies : a manual for librarians and information scientists
260 _c1992
_bJaico Publishing House
_aBombai
300 _a301
650 _auser,studies,librarians,information,scientists
942 _cAA
_2ddc
999 _c197390
_d197390